Ḍogarī kahāvata kosha. (Record no. 78036)
[ view plain ]
| 000 -LEADER | |
|---|---|
| fixed length control field | 00717cam a2200217 4500 |
| 001 - CONTROL NUMBER | |
| control field | sa 68001553 |
| 003 - CONTROL NUMBER IDENTIFIER | |
| control field | DLC |
| 005 - DATE AND TIME OF LATEST TRANSACTION | |
| control field | 20260227112434.0 |
| 008 - FIXED-LENGTH DATA ELEMENTS--GENERAL INFORMATION | |
| fixed length control field | 840627m19629999xx 00010 engr |
| 010 ## - LIBRARY OF CONGRESS CONTROL NUMBER | |
| LC control number | sa 68001553 |
| 040 ## - CATALOGING SOURCE | |
| Original cataloging agency | DLC |
| Transcribing agency | DLC |
| Modifying agency | DLC |
| 041 0# - LANGUAGE CODE | |
| Language code of text/sound track or separate title | engdolhin |
| 050 00 - LIBRARY OF CONGRESS CALL NUMBER | |
| Classification number | PN6519.D6 |
| Item number | T3 |
| 100 00 - MAIN ENTRY--PERSONAL NAME | |
| Personal name | Tārā Smailapurī. |
| 245 10 - TITLE STATEMENT | |
| Title | Ḍogarī kahāvata kosha. |
| Name of part/section of a work | saṅkalanakarttā Tārā Smailapuri. |
| 250 ## - EDITION STATEMENT | |
| Edition statement | [1. saṃskaraṇa] |
| 260 0# - PUBLICATION, DISTRIBUTION, ETC. | |
| Place of publication, distribution, etc. | Śrīnagara, |
| Name of publisher, distributor, etc. | Jammū ēṇḍa Kaśmīra Akādamī Ôfa Artasa, |
| -- | Kalcara eṇḍa Laingvejeza, |
| Date of publication, distribution, etc. | [1962]-<1978 > |
| 300 ## - PHYSICAL DESCRIPTION | |
| Extent | <1-2 > ; |
| Dimensions | 23 cm. |
| 500 ## - GENERAL NOTE | |
| General note | In Dogri; introductory matter and explanations in Hindi. |
| 650 #0 - SUBJECT ADDED ENTRY--TOPICAL TERM | |
| Topical term or geographic name entry element | Proverbs, Dogri. |
No items available.